MALAYA 1941 / (Record no. 180924)
[ view plain ]
| 000 -LEADER | |
|---|---|
| fixed length control field | 01148pam a22003491i 4500 |
| 001 - CONTROL NUMBER | |
| control field | vtls000899873 |
| 003 - CONTROL NUMBER IDENTIFIER | |
| control field | PNM |
| 005 - DATE AND TIME OF LATEST TRANSACTION | |
| control field | 20210107101620.0 |
| 008 - FIXED-LENGTH DATA ELEMENTS--GENERAL INFORMATION | |
| fixed length control field | 200312t20202020my e 000 0 may |
| 015 ## - NATIONAL BIBLIOGRAPHY NUMBER | |
| National bibliography number | M20-09645 |
| 020 ## - INTERNATIONAL STANDARD BOOK NUMBER | |
| International Standard Book Number | 9789672437048 |
| Qualifying information | paperback |
| Terms of availability | RM28.00 |
| 039 #9 - LEVEL OF BIBLIOGRAPHIC CONTROL AND CODING DETAIL [OBSOLETE] | |
| Level of rules in bibliographic description | 202011090909 |
| Level of effort used to assign nonsubject heading access points | sazlan |
| Level of effort used to assign subject headings | 202011011055 |
| Level of effort used to assign classification | klyene |
| Level of effort used to assign subject headings | 202010280751 |
| Level of effort used to assign classification | AUTHORITY |
| Level of effort used to assign subject headings | 202003171505 |
| Level of effort used to assign classification | dayang |
| 040 ## - CATALOGING SOURCE | |
| Original cataloging agency | BNM |
| Language of cataloging | eng |
| Transcribing agency | BNM |
| Description conventions | rda |
| Modifying agency | PPAK |
| 049 ## - LOCAL HOLDINGS (OCLC) | |
| Holding library | mal |
| 082 04 - DEWEY DECIMAL CLASSIFICATION NUMBER | |
| Classification number | 959.5 |
| Edition number | 23 |
| 090 00 - LOCALLY ASSIGNED LC-TYPE CALL NUMBER (OCLC); LOCAL CALL NUMBER (RLIN) | |
| Classification number (OCLC) (R) ; Classification number, CALL (RLIN) (NR) | 959.5 |
| Feature heading | RAF |
| Feature heading | G |
| 100 0# - MAIN ENTRY--PERSONAL NAME | |
| Personal name | Rafe Rahmat, |
| Dates associated with a name | 1969-, |
| Relator term | author. |
| 245 10 - TITLE STATEMENT | |
| Title | MALAYA 1941 / |
| Statement of responsibility, etc. | RAFE RAHMAT & HAIRIL ANUAR ; Disunting oleh Shahmil Hafiz |
| 264 #1 - PRODUCTION, PUBLICATION, DISTRIBUTION, MANUFACTURE, AND COPYRIGHT NOTICE | |
| Place of production, publication, distribution, manufacture | Kuala Lumpur : |
| Name of producer, publisher, distributor, manufacturer | PATRIOTS PUBLISHING SDN BHD, |
| Date of production, publication, distribution, manufacture, or copyright notice | 2020 |
| Date of production, publication, distribution, manufacture, or copyright notice | ©2020 |
| 300 ## - PHYSICAL DESCRIPTION | |
| Extent | x, 205 pages ; |
| Dimensions | 19 cm |
| 336 ## - CONTENT TYPE | |
| Content type term | text |
| Source | rdacontent |
| 337 ## - MEDIA TYPE | |
| Media type term | unmediated |
| Source | rdamedia |
| 338 ## - CARRIER TYPE | |
| Carrier type term | volume |
| Source | rdacarrier |
| 504 ## - BIBLIOGRAPHY, ETC. NOTE | |
| Bibliography, etc. note | Bibliography: pages 204-205 |
| 651 #0 - SUBJECT ADDED ENTRY--GEOGRAPHIC NAME | |
| Geographic name | Malaya |
| General subdivision | History |
| Geographic name | Malaya |
| General subdivision | History |
| Chronological subdivision | Japanese occupation, 1942-1945 |
| Geographic name | Malays |
| Geographic subdivision | Malaysia |
| General subdivision | Politics and government |
| 700 0# - ADDED ENTRY--PERSONAL NAME | |
| Personal name | Hairil Anuar, |
| Relator term | author. |
| Personal name | Shahmil Hafiz, |
| Relator term | editor. |
| 942 ## - ADDED ENTRY ELEMENTS (KOHA) | |
| Source of classification or shelving scheme | Dewey Decimal Classification |
| Koha item type | Book |
| Withdrawn | Not for loan | Current library | Shelving location | Date acquired | Full call number | Barcode | Date last seen | Koha item type | Total Checkouts | Total Renewals | Date last checked out |
|---|---|---|---|---|---|---|---|---|---|---|---|
| Not For Loan | Perpustakaan Alor Setar | Koleksi Kedah | 09/02/2021 | KK 959.5 RAF | A01673965 | 09/02/2021 | Book | ||||
| Perpustakaan Alor Setar | Pinjaman Dewasa | 09/02/2021 | 959.5 RAF | A01673966 | 17/12/2025 | Book | 7 | 3 | 22/11/2025 | ||
| Perpustakaan Awam Sungai Petani | Pinjaman Dewasa | 09/02/2021 | 959.5 RAF | A01673967 | 10/03/2025 | Book | 8 | 1 | 19/02/2025 | ||
| Perpustakaan Baling | Pinjaman Dewasa | 09/02/2021 | 959.5 RAF | A01673971 | 30/04/2025 | Book | 4 | 1 | 23/04/2025 | ||
| Perpustakaan Bandar Baharu | Pinjaman Dewasa | 09/02/2021 | 959.5 RAF | A01673972 | 09/02/2021 | Book | |||||
| Perpustakaan Jitra | Pinjaman Dewasa | 09/02/2021 | 959.5 RAF | A01673968 | 12/01/2026 | Book | 5 | 10/12/2025 | |||
| Perpustakaan Kuala Nerang | Pinjaman Dewasa | 09/02/2021 | 959.5 RAF | A01673976 | 09/02/2021 | Book | |||||
| Perpustakaan Kulim | Pinjaman Dewasa | 09/02/2021 | 959.5 RAF | A01673970 | 04/10/2025 | Book | 6 | 2 | 20/09/2025 | ||
| Perpustakaan Langkawi | Pinjaman Dewasa | 09/02/2021 | 959.5 RAF | A01673969 | 09/02/2021 | Book | |||||
| Perpustakaan Merbok | Pinjaman Dewasa | 09/02/2021 | 959.5 RAF | A01673973 | 29/06/2024 | Book | 1 | 26/06/2024 | |||
| Perpustakaan Sik | Pinjaman Dewasa | 09/02/2021 | 959.5 RAF | A01673975 | 20/03/2023 | Book | 1 | 27/02/2023 | |||
| Perpustakaan Yan | Pinjaman Dewasa | 09/02/2021 | 959.5 RAF | A01673974 | 24/04/2025 | Book | 3 | 03/04/2025 | |||
| PD03, Kg. Pulau Pisang, Jitra | Pinjaman Dewasa | 09/02/2021 | 959.5 RAF | A01673992 | 09/02/2021 | Book | |||||
| T-PD26, Kg. Lubuk Batu, Jitra | Pinjaman Dewasa | 09/02/2021 | 959.5 RAF | A01673991 | 09/02/2021 | Book |